Missing Word: 'S' Word in Every Category Quiz Stats

 Plays Quiz Updated Jul 10, 2018

Score 0/15 Timer 02:00
0 Plays Today
Hint Missing Word % Correct
_____ Nation ArmySeven
96.2%
_____ FreudSigmund
89.5%
_____ InvadersSpace
88%
_____ & WessonSmith
83.3%
_____ and DelilahSamson
79.1%
Better Call _____Saul
77.3%
Great _____ of Giza, EgyptSphinx
71.2%
Maria _____Sharapova
63%
Hint Missing Word % Correct
_____ GonzalesSpeedy
49.9%
Lucky Number _____Slevin
44.6%
_____ Milošević Slobodan
39.1%
Antoine de _____-ExupérySaint
38%
National Cancer _____ DaySurvivors
32.6%
_____-Tibetan LanguageSino
32.3%
_____ by Britain - BadgeSmitten
5.1%

Today's Daily Dose

Missing Word
Alaska A-Z

Quick Pick
A-Ology

Get the Picture
Which Movie Star? IV

You're not logged in!

Compare scores with friends on all Sporcle quizzes.
OR
Log In

Show Comments

Extras

Top Quizzes Today


Score Distribution

Your Account Isn't Verified!

In order to create a playlist on Sporcle, you need to verify the email address you used during registration. Go to your Sporcle Settings to finish the process.

Report this User

Report this user for behavior that violates our Community Guidelines.

Details: